|
|
|
|
| LEADER |
01704nam a2200313 u 4500 |
| 001 |
10119331 |
| 003 |
upatras |
| 005 |
20210117205750.0 |
| 008 |
160304s2006 eng |
| 020 |
|
|
|a 9608876036
|
| 040 |
|
|
|a GR-PaULI
|c GR-PaULI
|
| 041 |
1 |
|
|a eng
|h gre
|
| 082 |
1 |
4 |
|a 372.66
|2 22
|
| 110 |
|
0 |
|a Διεθνής Συνδιάσκεψη για το Θέατρο/Δράμα και τις Παραστατικές Τέχνες στην Εκπαίδευση
|n (5η :
|c Αθήνα, Ελλάδα :
|d 2006)
|9 149266
|
| 245 |
1 |
0 |
|a Theatre/Drama & education
|b creatring new roles for the 21st century
|b proceedings of the 5th Athens International theatre/drama & education conference
|c ; edited by Nikos Govas & Nassia Choleva
|
| 246 |
1 |
3 |
|a Creating new roles for the 21st century
|
| 260 |
|
|
|a Athens
|b Hellenic Theatre/Drama & Education Network
|c 2006
|
| 300 |
|
|
|a 535 p.
|b ill.
|c 29 cm.
|
| 504 |
|
|
|a Includes bibliographical references.
|
| 650 |
|
4 |
|a Θέατρο στην εκπαίδευση
|9 2014
|
| 650 |
|
4 |
|a Δράμα στην εκπαίδευση
|x Συνέδρια, ημερίδες, κτλ
|9 149190
|
| 650 |
|
4 |
|a Θέατρο
|x Εκπαίδευση και διδασκαλία
|x Συνέδρια, ημερίδες, κτλ
|9 149191
|
| 700 |
1 |
|
|a Γκόβας, Νίκος
|4 edt
|9 111073
|
| 700 |
1 |
|
|a Χολέβα, Νάσια
|4 edt
|9 149267
|
| 852 |
|
|
|a GR-PaULI
|b ΠΑΤΡΑ
|b ΘΕΑΤΡΟΛΟΓΙΑ
|k ΑΣΧΞ-3
|h 372.66 ΔΙΕ
|m 010591
|p 025000138122
|t 1
|
| 942 |
|
|
|2 ddc
|c BK15
|
| 952 |
|
|
|0 0
|1 0
|4 0
|6 372_660000000000000_ΔΙΕ
|7 0
|9 189912
|a THST
|b THST
|d 2016-04-24
|i 010591
|l 0
|o 372.66 ΔΙΕ
|p 025000138122
|r 2016-04-24 00:00:00
|t 1
|w 2016-04-24
|y BK15
|
| 998 |
|
|
|c ΜΑΝΙΑ
|d 2016-03
|
| 999 |
|
|
|c 116970
|d 116970
|